European Shape to Flag Click Quiz - Statistics

General Stats
  • This quiz has been taken 1,118 times
  • The average score is 31 of 45
Answer Stats
Hint Answer % Correct
87%
86%
85%
85%
83%
82%
82%
81%
79%
79%
79%
79%
78%
77%
77%
76%
76%
75%
74%
74%
73%
72%
71%
69%
69%
67%
67%
64%
64%
63%
63%
62%
62%
61%
61%
60%
59%
58%
56%
55%
54%
54%
54%
49%
44%
No matching quizzes found
Score Distribution
Percent of People with Each Score
Percentile by Number Answered
Your Score History
You have not taken this quiz